| 000 | 00320nam a2200109Ia 4500 | ||
|---|---|---|---|
| 005 | 20251222152606.0 | ||
| 008 | 251222s9999||||xx |||||||||||||| ||spa|| | ||
| 082 | _a262.91/B45/Ej.2 | ||
| 100 | _aPapa Francisco: Bergogliio, Jorge Mario | ||
| 245 | 0 | _aCarta EncĂclica Lumen Fidei del Sumo PontĂfice Francisco | |
| 942 | _cLIB | ||
| 999 |
_c26794 _d26794 |
||